Les 10 pays avec le plus de chrétiens orthodoxes - Statistiques

Statistiques générales
  • Ce quiz a été pris 716 fois
  • Le résultat moyen est 7 sur 10
Statistiques - réponses
Nombre de chrétiens orthodoxes Réponse % Correct
101 450 000 Russie
97%
30 463 000 Ukraine
82%
15 605 000 Roumanie
75%
9 646 000 Grèce
70%
5 836 000 Serbie
70%
7 887 000 Biélorussie
69%
4 374 000 Bulgarie
63%
3 109 000 Géorgie
55%
3 314 000 États-Unis
44%
4 130 000 Kazakhstan
34%
Aucun quiz correspondant
Distribution des résultats
% des personnes avec chaque résultat
Percentile par nombre de réponses
Votre historique - résultats
Vous n’avez pas pris ce quiz